| 000 | 01506cam a2200145 4500500 | ||
|---|---|---|---|
| 005 | 20260405032131.0 | ||
| 041 | _afre | ||
| 042 | _adc | ||
| 100 | 1 | 0 |
_aDuchâtel, Mathieu _eauthor |
| 700 | 1 | 0 |
_aZylberman, Joris _eauthor |
| 245 | 0 | 0 | _aLes nouveaux communistes chinois |
| 260 |
_bArmand Colin,
_c2012. |
||
| 520 | _aÀ l´heure où la Chine, la deuxième puissance économique de la planète, nomme un nouveau dirigeant à la tête de son Parti, comment ne pas s´interroger sur son fonctionnement ? Car tenir la Chine, c’est toujours tenir le Parti. Or que sait-on au juste sur son organisation et son recrutement ? Avec ses 80 millions de membres, le Parti est à la fois la plus imposante organisation politique du monde, et l´une des plus opaques. Qui sont ces nouveaux membres ? Pourquoi et comment adhèrent-ils ? Croient-ils encore au marxisme-léninisme, à la lutte des classes ?À partir d’une cinquantaine d´entretiens inédits, cet ouvrage explore le parcours de ces nouveaux membres. Il révèle l´inexorable dilution des critères idéologiques dans le recrutement, au profit d´une logique élitiste, fondée sur la cooptation.Mathieu Duchâtel est chercheur en sciences politiques au Stockholm International Peace Research Institute (SIPRI).Joris Zylberman est correspondant de France 24 à Pékin. | ||
| 856 | 4 | 1 | _uhttps://shs.cairn.info/les-nouveaux-communistes-chinois--9782200275143?lang=fr&redirect-ssocas=7080 |
| 999 |
_c2152478 _d2152478 |
||